Customer Relationship Mangement Essentials (Record no. 2180)

MARC details
000 -LEADER
fixed length control field 00430nam a22001697a 4500
005 - DATE AND TIME OF LATEST TRANSACTION
control field 20160530143612.0
008 - FIXED-LENGTH DATA ELEMENTS--GENERAL INFORMATION
fixed length control field 160530b xxu||||| |||| 00| 0 eng d
020 ## - INTERNATIONAL STANDARD BOOK NUMBER
ISBN 81-203-1809-9
041 ## - LANGUAGE CODE
Language code of text/sound track or separate title eng
082 ## - DEWEY DECIMAL CLASSIFICATION NUMBER
Item number 6108
100 ## - MAIN ENTRY--AUTHOR NAME
Personal name Gosney, John W & Bochm, Thomas P
245 ## - TITLE STATEMENT
Title Customer Relationship Mangement Essentials
260 ## - PUBLICATION, DISTRIBUTION, ETC. (IMPRINT)
Place of publication New Delhi
Name of publisher PHI,
Year of publication 2001
300 ## - PHYSICAL DESCRIPTION
Number of Pages 223
650 ## - SUBJECT ADDED ENTRY--TOPICAL TERM
Topical Term Management
942 ## - ADDED ENTRY ELEMENTS (KOHA)
Koha item type Books
Holdings
Lost status Damaged status Collection code Home library Current library Shelving location Date acquired Cost, normal purchase price Full call number Accession Number Koha item type
    MANAGEMENT JRU Library JRU Library SHELF- 66 J 30/05/2016 195.00 6108 6108 Books
    MANAGEMENT JRU Library JRU Library SHELF- 66 J 30/05/2016 195.00 6108 6109 Books
    MANAGEMENT JRU Library JRU Library SHELF- 66 J 30/05/2016 195.00 6108 6110 Books
    MANAGEMENT JRU Library JRU Library SHELF- 66 J 30/05/2016 195.00 6108 6111 Books
    MANAGEMENT JRU Library JRU Library SHELF- 66 J 30/05/2016 195.00 6108 6112 Books
    Reference JRU Library   SHELF-29-G 30/05/2016 195.00 6108 6113 Books